Normal view
MARC view
Entry Personal Name
001 - CONTROL NUMBER
- control field: 1195516
003 - CONTROL NUMBER IDENTIFIER
- control field: OSt
005 - DATE AND TIME OF LATEST TRANSACTION
- control field: 20260324134102.0
008 - FIXED-LENGTH DATA ELEMENTS
- fixed length control field: 260324|| aca||aabn | a|a d
040 ## - CATALOGING SOURCE
- Original cataloging agency: OSt
- Transcribing agency: OSt
100 ## - HEADING--PERSONAL NAME
- Personal name: David C. Brubaker; Joel H. Ostroff
670 ## - SOURCE DATA FOUND
- Source citation: Work cat.: (OSt)1795211: David C. Brubaker; Joel H. Ostroff, Life, Learning, and Community
